00655nam a2200181Ia 4500008004100000041000800041082001700049100002400066245009400090250001200184260002200196300000800218365001600226700002400242906003100266999001900297952015700316230718s9999 xx 000 0 und d aeng a621.815bNOR aNorton R.L.9133855 aDesign Of MachinerybAn Introduction To The Synthesis And Analysis Of Machanisms Machines a3rd ed. bTata McGraw-Hill  a858 cRs.b365.00 aNorton R.L.9133855 dB:19631-Oct-2007cMECHb73 c317851d317851 00104070aCCEPbCCEPd2007-11-29eOm Book StallfMECHg292.00i196l0o621.815pCCEP-BK-29058r2023-07-18 00:00:00t73v365.00w2007-10-31yBKz029058